[Event "Oberliga Ost-B 2122"]
[Site "Germany"]
[Date "2022.04.30"]
[Round "2.8"]
[White "Schiffer, Steve"]
[Black "Ottmann, Martin"]
[Result "1/2-1/2"]
[WhiteElo "2069"]
[BlackElo "2128"]
[PlyCount "87"]
[EventDate "2021.10.10"]
[EventType "team-tourn"]
[EventRounds "11"]
[EventCountry "GER"]
[SourceTitle "EXT 2023"]
[Source "ChessBase"]
[SourceDate "2022.10.05"]
[SourceVersion "1"]
[SourceVersionDate "2022.10.05"]
[SourceQuality "1"]
[WhiteTeam "Moerlenbach Birkenau"]
[BlackTeam "Bad Homburg"]
[WhiteTeamCountry "GER"]
[BlackTeamCountry "GER"]

1. e4 e5 2. Nf3 Nf6 3. Nxe5 d6 4. Nf3 Nxe4 5. d4 d5 6. Bd3 Nc6 7. 0-0 Be7 8. c4 Bg4 9. Be3 0-0 10. Nc3 Nf6 11. a3 dxc4 12. Bxc4 Bxf3 13. Qxf3 Nxd4 14. Qxb7 Nc2 15. Rad1 Qb8 16. Qxb8 Raxb8 17. Bc1 c5 18. Nd5 Nxd5 19. Rxd5 Rbd8 20. Rfd1 Nd4 21. Kf1 Rxd5 22. Bxd5 Rd8 23. Bc4 Bf6 24. Be3 a5 25. a4 g5 26. h3 Kg7 27. Bxd4 Bxd4 28. Rd3 Rb8 29. b3 Rb7 30. Rg3 f6 31. f4 Kh6 32. fxg5+ fxg5 33. Rg4 Bf6 34. Re4 Re7 35. Be6 Kg7 36. Ke2 Bd4 37. Kd3 Kf6 38. Bd5 Rxe4 39. Bxe4 h6 40. Kc4 Ke5 41. Bd3 Kd6 42. Bf5 h5 43. Be4 Bf2 44. Bf3 1/2-1/2

[Event "Oberliga Ost-B 1617"]
[Site "Germany"]
[Date "2016.11.20"]
[Round "3.8"]
[White "Schiffer, Steve"]
[Black "Barpiyeva, Gulsana"]
[Result "0-1"]
[WhiteElo "2090"]
[BlackElo "2086"]
[PlyCount "132"]
[EventDate "2016.10.16"]
[EventType "team-tourn"]
[EventRounds "11"]
[EventCountry "GER"]
[SourceTitle "EXT 2018"]
[Source "ChessBase"]
[SourceDate "2017.10.13"]
[SourceVersion "1"]
[SourceVersionDate "2017.10.13"]
[SourceQuality "1"]
[WhiteTeam "Moerlenbach Birkenau"]
[BlackTeam "Frankfurt BvK"]
[WhiteTeamCountry "GER"]
[BlackTeamCountry "GER"]

1. e4 c5 2. Nf3 e6 3. d4 cxd4 4. Nxd4 a6 5. a4 Nf6 6. Bd3 Qc7 7. 0-0 Be7 8. Kh1 d6 9. f4 Nbd7 10. Nb3 b6 11. c4 Bb7 12. Nc3 0-0 13. g4 d5 14. cxd5 exd5 15. exd5 Nc5 16. Be2 Rad8 17. Bf3 Bd6 18. Nxc5 bxc5 19. g5 Nd7 20. Bg2 f5 21. Be3 Rfe8 22. Qf3 Qb6 23. Rf2 Qb3 24. Ra3 Qb4 25. a5 c4 26. Re2 Nc5 27. Bxc5 Qxc5 28. Ra1 Rxe2 29. Qxe2 Bxf4 30. Qe6+ Kh8 31. g6 Bc8 32. Qe1 Bg5 33. gxh7 Kxh7 34. Qg3 Bf6 35. Qh3+ Kg8 36. Qh5 Qd6 37. Re1 Bd7 38. Qe2 Re8 39. Qf1 Be5 40. h3 Rc8 41. Qe2 Bg3 42. Rc1 Bh4 43. Qh5 Bf6 44. Re1 Rb8 45. Qe2 Re8 46. Qf1 Rxe1 47. Qxe1 Bd8 48. Nd1 Bc7 49. Qg1 Bxa5 50. Ne3 Qc5 51. Qc1 c3 52. bxc3 Qxc3 53. Qxc3 Bxc3 54. d6 a5 55. Nd5 Bd4 56. Ne7+ Kf7 57. Nc6 Bc3 58. Bd5+ Ke8 59. Kg2 a4 60. Kf2 a3 61. Nb8 Be5 62. Ke3 Bxd6 63. Nxd7 Kxd7 64. Kd3 Ke7 65. Ke3 Kf6 66. h4 Kg6 0-1

[Event "Bad Woerishofen op 31st"]
[Site "Bad Woerishofen"]
[Date "2015.02.28"]
[Round "2"]
[White "Wichmann, Cliff"]
[Black "Schiffer, Steve"]
[Result "1-0"]
[WhiteElo "2363"]
[BlackElo "2073"]
[PlyCount "77"]
[EventDate "2015.02.27"]
[EventType "swiss"]
[EventRounds "9"]
[EventCountry "GER"]
[SourceTitle "CBM 165 Extra"]
[Source "ChessBase"]
[SourceDate "2015.04.21"]
[SourceVersion "1"]
[SourceVersionDate "2015.04.21"]
[SourceQuality "1"]

1. d4 c5 2. d5 d6 3. e4 Nf6 4. Nc3 g6 5. Bb5+ Nbd7 6. Nf3 a6 7. Bxd7+ Nxd7 8. Bf4 Bg7 9. Qd2 h5 10. 0-0 b5 11. Rfe1 Ne5 12. Nxe5 dxe5 13. Be3 Qd6 14. f3 Bd7 15. Nd1 c4 16. b4 0-0 17. Bc5 Qf6 18. a4 Rfc8 19. Nc3 Bf8 20. Qe3 Kh7 21. Ra2 g5 22. Rea1 bxa4 23. Nxa4 Bxa4 24. Rxa4 Rcb8 25. Qe2 Qg7 26. Rxa6 Rxa6 27. Rxa6 g4 28. fxg4 hxg4 29. Qxc4 Qg5 30. Qf1 Kg8 31. Ra1 e6 32. d6 f5 33. Qc4 f4 34. Qxe6+ Kh8 35. Kh1 Qh5 36. d7 f3 37. Qf6+ Kg8 38. Bxf8 fxg2+ 39. Kg1 1-0

[Event "Oberliga Ost-B 1314"]
[Site "Germany"]
[Date "2014.01.19"]
[Round "7.8"]
[White "Schiffer, Steve"]
[Black "Schwenkreis, Thomas"]
[Result "1-0"]
[WhiteElo "2076"]
[BlackElo "2202"]
[PlyCount "135"]
[EventDate "2013.10.13"]
[EventType "team-tourn"]
[EventRounds "11"]
[EventCountry "GER"]
[SourceTitle "EXT 2015"]
[Source "ChessBase"]
[SourceDate "2014.11.20"]
[SourceVersion "1"]
[SourceVersionDate "2014.11.20"]
[SourceQuality "1"]
[WhiteTeam "Moerlenbach"]
[BlackTeam "Frankfurt BvK"]
[WhiteTeamCountry "GER"]
[BlackTeamCountry "GER"]

1. e4 d6 2. d4 Nf6 3. Nc3 g6 4. Be2 Bg7 5. h3 c6 6. Nf3 b5 7. a3 a6 8. Be3 0-0 9. Qd2 Re8 10. 0-0 Qc7 11. Bh6 Bh8 12. Rfd1 Nbd7 13. Bf4 Bb7 14. e5 Nh5 15. exd6 exd6 16. Bh2 Nb6 17. Ng5 Nf6 18. Bf3 Rad8 19. Nge4 Nxe4 20. Nxe4 Nc4 21. Qc1 f5 22. Nd2 c5 23. Bxb7 Qxb7 24. Nf3 cxd4 25. Nxd4 Re4 26. c3 Qb6 27. b3 Na5 28. Rb1 Rc8 29. Nxf5 gxf5 30. Qg5+ Bg7 31. Rxd6 Rce8 32. Bg3 Qb7 33. Qxf5 R4e7 34. c4 Rf7 35. Qd3 Nc6 36. cxb5 axb5 37. a4 b4 38. Rd1 Ne5 39. Qd2 Ng6 40. Rd8 Rxd8 41. Qxd8+ Nf8 42. Rd5 Bf6 43. Qa5 Qe7 44. Rf5 Ne6 45. Be5 Bxe5 46. Qxe5 Rxf5 47. Qxf5 Qd6 48. Qg4+ Kh8 49. a5 Nc7 50. h4 h6 51. g3 Kh7 52. Kh2 Qc5 53. Qf3 Kg7 54. Qg4+ Kh7 55. Qf4 Qe7 56. Qf5+ Kg7 57. h5 Qd6 58. f4 Na6 59. Qe5+ Qxe5 60. fxe5 Kf7 61. g4 Nc5 62. Kh3 Ke6 63. g5 hxg5 64. Kg4 Kxe5 65. Kxg5 Nxb3 66. h6 Nc5 67. h7 Ne6+ 68. Kg4 1-0

[Event "Bad Woerishofen op 29th"]
[Site "Bad Woerishofen"]
[Date "2013.03.09"]
[Round "9"]
[White "Blaeser, Romain"]
[Black "Schiffer, Steve"]
[Result "1/2-1/2"]
[WhiteElo "1961"]
[BlackElo "2094"]
[PlyCount "73"]
[EventDate "2013.03.01"]
[EventType "swiss"]
[EventRounds "9"]
[EventCountry "GER"]
[SourceTitle "CBM 153 Extra"]
[Source "ChessBase"]
[SourceDate "2013.04.22"]
[SourceVersion "1"]
[SourceVersionDate "2013.04.22"]
[SourceQuality "1"]

1. d4 g6 2. Nf3 Bg7 3. Nc3 d6 4. Bf4 Nf6 5. h3 c6 6. Qd2 b5 7. a3 a6 8. e4 0-0 9. Bh6 Qc7 10. Bd3 e5 11. Bxg7 Kxg7 12. 0-0 Re8 13. Rfe1 Nbd7 14. Rad1 Nf8 15. Bf1 Bb7 16. dxe5 dxe5 17. Qd6 Qb6 18. Qb4 c5 19. Na4 cxb4 20. Nxb6 Rab8 21. Nd5 Nxd5 22. exd5 bxa3 23. bxa3 f6 24. c4 Red8 25. Rb1 Ba8 26. Red1 bxc4 27. Rxb8 Rxb8 28. Bxc4 Rb6 29. Nd2 f5 30. Nb3 Nd7 31. f3 Rd6 32. Kf2 Nf6 33. Nc5 Nxd5 34. Nxa6 Rc6 35. Bxd5 Rxa6 36. Bxa8 Rxa8 37. Rd3 1/2-1/2

[Event "Bad Woerishofen op 28th"]
[Site "Bad Woerishofen"]
[Date "2012.03.06"]
[Round "5"]
[White "Schiffer, Steve"]
[Black "Graf, Felix"]
[Result "0-1"]
[WhiteElo "2121"]
[BlackElo "2378"]
[PlyCount "44"]
[EventDate "2012.03.02"]
[EventType "swiss"]
[EventRounds "9"]
[EventCountry "GER"]
[SourceTitle "EXT 2019"]
[Source "ChessBase"]
[SourceDate "2018.10.10"]
[SourceVersion "1"]
[SourceVersionDate "2018.10.10"]
[SourceQuality "1"]

1. e4 e6 2. d4 d5 3. exd5 exd5 4. Nf3 Nc6 5. h3 Bf5 6. Bd3 Qd7 7. Be3 Nf6 8. Bxf5 Qxf5 9. 0-0 Bd6 10. Re1 0-0-0 11. c3 g5 12. Nxg5 Rhg8 13. h4 Rg7 14. Qf3 Qg6 15. Kh1 Rdg8 16. Rg1 Ne7 17. Nd2 Nf5 18. Qh3 h6 19. Ngf3 Ng4 20. Ne5 Bxe5 21. dxe5 Qe6 22. Raf1 Ngxe3 0-1

[Event "Bad Woerishofen op 28th"]
[Site "Bad Woerishofen"]
[Date "2012.03.04"]
[Round "3"]
[White "Schiffer, Steve"]
[Black "Taufratshofer, Martin"]
[Result "1-0"]
[WhiteElo "2121"]
[BlackElo "1965"]
[PlyCount "79"]
[EventDate "2012.03.02"]
[EventType "swiss"]
[EventRounds "9"]
[EventCountry "GER"]
[SourceTitle "EXT 2019"]
[Source "ChessBase"]
[SourceDate "2018.10.10"]
[SourceVersion "1"]
[SourceVersionDate "2018.10.10"]
[SourceQuality "1"]

1. e4 g6 2. d4 Bg7 3. Nf3 d6 4. Be2 Nf6 5. Nc3 0-0 6. 0-0 a6 7. a4 b6 8. Re1 Bb7 9. Bf1 c5 10. Bg5 h6 11. Bd2 cxd4 12. Nxd4 Kh7 13. Nf3 Nbd7 14. h3 Rc8 15. Nh2 Ne5 16. Ng4 Nc4 17. Bxc4 Rxc4 18. Nxf6+ Bxf6 19. Qf3 Bg7 20. b3 Rc7 21. Rac1 f5 22. Qd3 Bxc3 23. Bxc3 fxe4 24. Qe3 Qc8 25. Bd2 g5 26. Qxb6 d5 27. c4 dxc4 28. Rxc4 Rxc4 29. bxc4 Rf6 30. Qb4 Re6 31. c5 Qc6 32. Re3 Re5 33. f3 Rxc5 34. Rxe4 e6 35. Be3 Rf5 36. Qe7+ Kg8 37. Rxe6 Rf7 38. Qd8+ Rf8 39. Rxc6 Rxd8 40. Rxh6 1-0

[Event "Bad Woerishofen op 24th"]
[Site "Bad Woerishofen"]
[Date "2008.03.02"]
[Round "4"]
[White "Schiffer, Steve"]
[Black "Leimeister, Winfried"]
[Result "1-0"]
[WhiteElo "2159"]
[BlackElo "1961"]
[PlyCount "69"]
[EventDate "2008.02.28"]
[EventType "swiss"]
[EventRounds "9"]
[EventCountry "GER"]
[SourceTitle "CBM 123 Extra"]
[Source "ChessBase"]
[SourceDate "2008.05.06"]
[SourceVersion "1"]
[SourceVersionDate "2008.05.06"]
[SourceQuality "1"]

1. e4 c5 2. Nf3 d6 3. d4 cxd4 4. Nxd4 Nf6 5. Nc3 g6 6. Be2 Bg7 7. 0-0 0-0 8. h3 Nc6 9. Be3 d5 10. exd5 Nxd5 11. Nxd5 Qxd5 12. Nxc6 bxc6 13. c3 Rb8 14. Qc1 Qa5 15. Rd1 Be6 16. Bg5 Qc7 17. Bf3 Rfd8 18. Re1 Rb7 19. Re2 Rd7 20. b3 Bd5 21. Bxd5 cxd5 22. Bd2 e5 23. Qe1 f5 24. Rc1 Qd8 25. f3 Rb6 26. Bf4 e4 27. fxe4 fxe4 28. c4 Re6 29. c5 Bd4+ 30. Kh1 Bxc5 31. Rec2 Bf8 32. Rc8 Qf6 33. Qe3 Kf7 34. R8c7 Qd8 35. Rxd7+ 1-0

[Event "Bad Woerishofen op 24th"]
[Site "Bad Woerishofen"]
[Date "2008.02.29"]
[Round "2"]
[White "Schiffer, Steve"]
[Black "Espig, Lutz"]
[Result "0-1"]
[WhiteElo "2159"]
[BlackElo "2326"]
[PlyCount "92"]
[EventDate "2008.02.28"]
[EventType "swiss"]
[EventRounds "9"]
[EventCountry "GER"]
[SourceTitle "CBM 123 Extra"]
[Source "ChessBase"]
[SourceDate "2008.05.06"]
[SourceVersion "1"]
[SourceVersionDate "2008.05.06"]
[SourceQuality "1"]

1. e4 c5 2. Nf3 e6 3. d4 cxd4 4. Nxd4 Nf6 5. Bd3 Nc6 6. Be3 d5 7. exd5 Nxd5 8. Nxc6 bxc6 9. Qe2 Nxe3 10. Qxe3 Qb6 11. Qxb6 axb6 12. Nd2 Bb7 13. 0-0 Bd6 14. a3 Ke7 15. Rad1 Rhd8 16. Rfe1 Bc7 17. Be4 Ra4 18. Bf3 Rad4 19. Nb3 Rxd1 20. Rxd1 Rxd1+ 21. Bxd1 c5 22. c3 Bf4 23. g3 Bh6 24. Kf1 c4 25. Nd4 Bc1 26. b3 cxb3 27. Bxb3 Bxa3 28. Ke2 Bc5 29. Nc2 Ba6+ 30. c4 Kd6 31. Ne1 e5 32. f3 f5 33. g4 fxg4 34. fxg4 e4 35. Ng2 Ke5 36. h3 Bc8 37. Kd2 Be6 38. Kc3 Bd4+ 39. Kb4 Bd7 40. Bd1 Bc6 41. h4 Bf2 42. Bc2 h6 43. g5 hxg5 44. hxg5 e3 45. Nxe3 Bxe3 46. Bd3 Bxg5 0-1

[Event "Frankfurt-ch"]
[Site "Frankfurt"]
[Date "2005.05.23"]
[Round "4"]
[White "Hausmann, Hans Ulrich"]
[Black "Schiffer, Steve"]
[Result "1-0"]
[WhiteElo "1859"]
[BlackElo "2054"]
[PlyCount "74"]
[EventDate "2005.04.25"]
[EventType "swiss"]
[EventRounds "7"]
[EventCountry "GER"]
[SourceTitle "EXT 2006"]
[Source "ChessBase"]
[SourceDate "2005.11.24"]
[SourceVersion "1"]
[SourceVersionDate "2005.11.24"]
[SourceQuality "1"]

1. d4 c5 2. d5 g6 3. e4 d6 4. c4 Bg7 5. Nc3 Nf6 6. h3 0-0 7. Nf3 a6 8. Bd3 e6 9. 0-0 exd5 10. exd5 Re8 11. Bf4 Qc7 12. Re1 Nbd7 13. Rxe8+ Nxe8 14. Qe2 Ne5 15. Re1 f6 16. Bxe5 dxe5 17. g4 Nd6 18. Ne4 Bd7 19. Nxd6 Qxd6 20. Nd2 f5 21. gxf5 gxf5 22. Qh5 e4 23. Bxe4 Qh6 24. Qxh6 Bxh6 25. Nb3 fxe4 26. Nxc5 Bxh3 27. Rxe4 Bg7 28. d6 b6 29. d7 Kf7 30. Rf4+ Kg6 31. Re4 Bf6 32. Re8 Ra7 33. Ne6 Kf7 34. Rf8+ Kxe6 35. Rxf6+ Ke7 36. Rf7+ Kd8 37. Rf8+ Kxd7 1-0

[Event "Bad Woerishofen op 19th"]
[Site "Bad Woerishofen"]
[Date "2003.03.13"]
[Round "1"]
[White "Schiffer, Steve"]
[Black "Holuba, Stefan"]
[Result "1-0"]
[WhiteElo "2171"]
[BlackElo "1737"]
[PlyCount "43"]
[EventDate "2003.03.13"]
[EventType "swiss"]
[EventRounds "9"]
[EventCountry "GER"]
[SourceTitle "CBM 093 Extra"]
[Source "ChessBase"]
[SourceDate "2003.05.09"]
[SourceVersion "1"]
[SourceVersionDate "2003.05.09"]
[SourceQuality "1"]

1. e4 e5 2. Nf3 Nc6 3. Bc4 Nf6 4. Ng5 d5 5. exd5 Na5 6. Bb5+ c6 7. dxc6 bxc6 8. Ba4 h6 9. Nf3 e4 10. Qe2 Be7 11. Ne5 Qc7 12. d4 exd3 13. Nxd3 0-0 14. 0-0 Bd6 15. h3 Re8 16. Qf3 Re4 17. Nc3 Bg4 18. hxg4 Bh2+ 19. Kh1 Rxg4 20. g3 Bxg3 21. fxg3 Rxg3 22. Bf4 1-0